Fundamentos de la electrotecnia. (Record no. 153871)
[ view plain ]
| 000 -LEADER | |
|---|---|
| campo de control de longitud fija | 00909nam a2200241 i 4500 |
| 001 - NÚMERO DE CONTROL | |
| campo de control | 153871 |
| 003 - IDENTIFICADOR DE NÚMERO DE CONTROL | |
| campo de control | ES-MaACL |
| 005 - FECHA Y HORA DE LA ÚLTIMA TRANSACCIÓN | |
| campo de control | 20230906205419.0 |
| 008 - DATOS DE LONGITUD FIJA--INFORMACIÓN GENERAL | |
| campo de control de longitud fija | 190121s1960 sp |||| | spa d |
| 100 0# - ENTRADA PRINCIPAL--NOMBRE DE PERSONA | |
| Nombre de persona | Stapelfeldt, H. |
| 9 (RLIN) | 107918 |
| 245 10 - MENCIÓN DEL TÍTULO | |
| Título | Fundamentos de la electrotecnia. |
| Número de parte o sección de la obra | pte. 1., |
| Nombre de parte o sección de la obra | Corriente continua y electromagnetismo / |
| Mención de responsabilidad, etc. | por los profesores H. Stapelfeldt y H. Teuchert ; traducción de la cuarta edición alemana por Carlos de Salas. |
| 250 ## - MENCION DE EDICION | |
| Mención de edición | 3ª ed., reimp. |
| 260 ## - PUBLICACIÓN, DISTRIBUCIÓN, ETC. | |
| Lugar de publicación, distribución, etc. | Barcelona : |
| Nombre del editor, distribuidor, etc. | Labor, |
| Fecha de publicación, distribución, etc. | 1960. |
| 300 ## - DESCRIPCIÓN FÍSICA | |
| Extensión | XIX, 199 p. ; |
| Dimensiones | 19 cm. |
| 490 1# - MENCIÓN DE SERIE | |
| Mención de serie | La escuela del técnico electricista ; |
| Designación de volumen o secuencia | 1 |
| 650 #4 - PUNTO DE ACCESO ADICIONAL DE MATERIA--TÉRMINO DE MATERIA | |
| Término de materia o nombre geográfico como elemento de entrada | Corriente continua. |
| 9 (RLIN) | 166025 |
| 650 #4 - PUNTO DE ACCESO ADICIONAL DE MATERIA--TÉRMINO DE MATERIA | |
| Término de materia o nombre geográfico como elemento de entrada | Electromagnetismo. |
| 9 (RLIN) | 12161 |
| 700 0# - ENTRADA AGREGADA--NOMBRE PERSONAL | |
| Nombre de persona | Teuchert, Hans. |
| 9 (RLIN) | 109847 |
| 700 1# - ENTRADA AGREGADA--NOMBRE PERSONAL | |
| Nombre de persona | Salas, Carlos. |
| 9 (RLIN) | 101724 |
| 830 0# - PUNTO DE ACCESO ADICIONAL DE SERIE-TÍTULO UNIFORME | |
| Título uniforme | La escuela del técnico electricista ; |
| Designación de volumen o secuencia | 1 |
| 9 (RLIN) | 187813 |
| 852 ## - LOCALIZACIÓN | |
| Ubicación | ES-MaACL |
| Número de control de estantería | P-317-1 |
| Estatus retirado | Estado de pérdida | Estado de daño | No para préstamo | Biblioteca de origen | Biblioteca actual | Ubicación en estantería | Fecha de adquisición | Fuente de adquisición | Total de préstamos | Signatura topográfica completa | Código de barras | Visto por última vez | Precio de reemplazo | Tipo de ítem Koha |
|---|---|---|---|---|---|---|---|---|---|---|---|---|---|---|
| Biblioteca del Ateneo de Madrid | Biblioteca del Ateneo de Madrid | Depósito 2 | 21/01/2019 | P-317-1 | 1199671 | 23/02/2023 | 23/02/2023 | Libro impreso |
